00352pab a2200145 454500008004000000100002200040245004200062260000900104300001200113362001100125650002200136650001800158650001000176773002000186180718b2012 xxu||||| |||| 00| 0 eng d aSrivastava, Gouri aParadoxes of Girls education in India c2012 ap.1-10. a29 Oct aEducation - India aGirls - India aGirls aUniversity News